[Event "80th Tata Steel GpA"]
[Site "Wijk aan Zee NED"]
[Date "2018.01.21"]
[Round "8.2"]
[White "Giri, Anish"]
[Black "Mamedyarov, Shakhriyar"]
[Result "1-0"]
[WhiteElo "2752"]
[BlackElo "2804"]
[Annotator "Bojkov, Dejan"]
[PlyCount "63"]
[EventDate "2018.01.13"]

1. c4 c5 ({In order to understand the arising position later the reader is
advised to follow the classical game Karpov-Dreev:} 1... c6 2. e4 d5 3. cxd5
cxd5 4. exd5 Nf6 5. Nc3 Nxd5 6. Nf3 Nc6 7. Bb5 e6 8. O-O Be7 9. d4 O-O 10. Re1
a6 11. Bxc6 bxc6 12. Ne5 Bb7 13. Na4 Rc8 14. Nd3 $1 a5 15. Nac5 Qc7 16. Bd2 Ra8
17. Rc1 Rfd8 18. Ne5 Bxc5 19. Rxc5 $1 {and White won in Karpov,A (2699)-Dreev,
A (2676) Cap d'Agde 2000}) 2. Nf3 Nc6 3. Nc3 g6 4. e3 Nf6 5. d4 cxd4 6. exd4 d5
7. cxd5 Nxd5 8. Qb3 e6 ({So chose a different plan this summer:} 8... Nxc3 9.
Bc4 Nd5 10. Bxd5 e6 11. Bxc6+ bxc6 12. O-O Qd5 {and eventually drew, Giri,A 
(2771)-So,W (2812) Leuven 2017}) 9. Bb5 Bg7 10. O-O O-O 11. Bxc6 {It looks
illogical to trade the good bishop for the knight but as Karpov showed in the
aforementioned game White is building his play against the weak light-squared
bishop on c8.} bxc6 12. Re1 ({Or:} 12. Na4 Qd6 13. Re1 Rb8 14. Qc2 c5 $1 {
This is how people solve the problem of the light-squared bishop.} 15. Nxc5 Nb4
16. Qc3 Bb7 {with compensation for the pawn in Cheparinov,I (2710)-Wei,Y (2727)
China 2017}) 12... Qd6 $146 {A novelty, but it seems that Mamedyarov had
messed up something, somewhere. The queen is not placed well on d6 which is
proven immediately.} ({It would be interesting to see what Giri had prepared
against} 12... Qb6 {So far only one game was played in the line and it ended
after} 13. Qc2 {1/2-1/2 Tomashevsky,E (2710)-Alekseev,E (2622) Sochi 2017}) 13.
Ne4 Qb4 14. Qc2 ({Naturally White is not interested in the queen's swap after} 
14. Qxb4 Nxb4 15. Rd1 Ba6 {when Black is doing perfectly fine.}) 14... a5 15.
a3 ({The careful reader has already seen that the c6-pawn is not interesting
after all (or at all).} 15. Qxc6 Bb7 16. Qc2 Rfc8 17. Qd1 Ne7 {would bring all
the black pieces out and he would enjoy more than sufficient compensation
after Ne7-f5.}) 15... Qb6 16. Nc5 {This is what it the line is all about. The
knight on c5 dominates the light-squared bishop and soon after his brother
will hop on e5 making fun of the other bishop.} Re8 ({Since} 16... Rd8 {
allows the tempo} 17. Bg5 Re8 18. Ne5 f6 19. Nc4 {with a large advantage for
White.}) 17. Ne5 f6 {Mamedyarov cannot stand the knight, but he now weakens
the kingside and blocks the bishop. Still, this is the only way to get some
counter-play.} ({After} 17... Ba6 {White can build kingside attack with a move
like} 18. h4 $5) 18. Nc4 Qc7 19. Bd2 e5 {The point behind f7-f6. However, now
the pawn on e5 becomes weak too.} ({How annoying the knights are is revelealed
by the following short lines:} 19... Bb7 20. Nxb7 Qxb7 21. Nd6) ({Or} 19... Bd7
20. Bxa5) 20. dxe5 fxe5 (20... Bf5 {simply pushes the queen to a better square:
} 21. Qa4 fxe5 22. Bxa5) 21. Qa4 {Mamedyarov opened the road for the
light-squared bishop but at a very high price. In the process he created an
additional weakness on e5 besides the existing ones on a5 and c6 and blocked
the other bishop. From a strategical point of view his position is hopeless.}
Nb6 22. Nxb6 Qxb6 23. Qc4+ Kh8 24. Bc3 Bf5 {Probably missing White's next move.
In difficult positions it is easy to err.} ({The best chance was the immediate:
} 24... Qb5 {when White has a pleasant choice between the immediate pawn
capture with} 25. Qxb5 ({Or even better, the slow positional grinding after} 
25. Qf7 Bf5 26. Ne4) 25... cxb5 26. f4) 25. g4 $1 {Played without prejudices!
Giri correctly assessed that his opponent will never make use of the
hypothetical weakening on the kingside as far as his pieces remain blocked in
his camp.} Bc8 ({The bishop is trapped after} 25... Bc2 26. Rac1) 26. Re4 {
With the obvious intention to gang up the e5 pawn and clear the kingside
afterwards.} Qb5 27. Rae1 Qxc4 28. Rxc4 Rb8 ({Or} 28... Be6 29. Nxe6 Rxe6 30.
f4 ({Or} 30. Rce4 {winning a pawn for starters in either case.})) 29. h3 $1 {
No need to hurry.} h5 30. gxh5 gxh5 31. Rh4 Kh7 32. Ne4 $1 ({Even better than} 
32. Rxh5+ Kg6 33. Rh4) ({Mamedyarov resigned, disgusted by his position. White
will win more than a pawn in the possible line after} 32. Ne4 Kg6 33. Re3 Bf5
34. Rg3+ Kf7 35. Nd6+) 1-0

[Event "80th Tata Steel GpA"]
[Site "Wijk aan Zee NED"]
[Date "2018.01.21"]
[Round "8.3"]
[White "Hou, Yifan"]
[Black "Caruana, Fabiano"]
[Result "0-1"]
[WhiteElo "2680"]
[BlackElo "2811"]
[PlyCount "116"]
[EventDate "2018.01.13"]

1. e4 e5 2. Nf3 Nc6 3. Bb5 a6 4. Ba4 Nf6 5. O-O Be7 6. Re1 b5 7. Bb3 d6 8. c3
O-O 9. h3 Na5 10. Bc2 c5 11. d4 Nd7 12. d5 Nb6 13. Nbd2 Bd7 14. Nf1 Nb7 15. b3
(15. N3h2 c4 16. f4 exf4 17. Bxf4 Bg5 18. Bxg5 Qxg5 19. Nf3 Qe7 20. e5 dxe5 21.
Nxe5 Qc5+ 22. Kh1 Rad8 {Motylev,A (2675)-Howell,D (2676) London 2017}) 15... a5
$146 (15... c4 16. b4 a5 17. g4 axb4 18. cxb4 Na4 19. a3 g6 20. Ng3 f6 21. Nh2
Qc8 22. f4 exf4 23. Bxf4 Nd8 {Kryvoruchko,Y (2676)-Polgar,J (2709) Achaea 2012}
) 16. Rb1 c4 17. bxc4 Nxc4 18. a4 Qc7 19. axb5 Nb6 20. Be3 Rfc8 21. Bd3 Nc5 22.
Re2 a4 23. Ra2 Bd8 24. Bc2 Nc4 25. N3d2 Nxe3 26. Nxe3 Rcb8 27. c4 Qc8 28. Ra3 (
28. Bxa4 {was fine here.}) 28... Ba5 29. Ndf1 Bb6 30. Ng3 Qd8 31. Nef5 (31.
Rba1) 31... g6 32. Nh6+ Kg7 33. Qd2 (33. Rf3 $5) 33... Qh4 34. Ng4 Bxg4 35.
hxg4 Qxg4 36. Kf1 Qh4 37. Ke2 h5 38. Kf1 Rh8 39. Rba1 Qf6 40. Rf3 Qe7 41. Ne2
Nb3 42. Bxb3 axb3 43. Ra6 Rxa6 44. bxa6 Ra8 45. Rxb3 Rxa6 46. g3 h4 47. gxh4
Qxh4 48. Ng3 Bxf2 49. Qxf2 Qh3+ 50. Ke2 Ra2+ 51. Ke1 Rxf2 52. Nf5+ Qxf5 53.
exf5 Rxf5 54. Rb6 Rf4 55. Rc6 g5 56. Ke2 Rd4 57. Kf3 f6 58. Rxd6 Rxc4 0-1

[Event "80th Tata Steel GpA"]
[Site "Wijk aan Zee NED"]
[Date "2018.01.23"]
[Round "9.1"]
[White "Anand, Viswanathan"]
[Black "Carlsen, Magnus"]
[Result "1/2-1/2"]
[WhiteElo "2767"]
[BlackElo "2834"]
[PlyCount "63"]
[EventDate "2018.01.13"]

1. e4 e5 2. Nf3 Nc6 3. Bb5 a6 4. Ba4 Nf6 5. O-O Be7 6. Re1 b5 7. Bb3 d6 8. c3
O-O 9. h3 Nb8 10. d4 Nbd7 11. Nbd2 Bb7 12. Bc2 Re8 13. Nf1 Bf8 14. Ng3 g6 15.
a4 Nb6 16. axb5 (16. a5 Nbd7 17. b3 exd4 18. cxd4 c5 19. d5 Rc8 20. Bf4 Ne5 21.
Nxe5 dxe5 22. Bg5 h6 23. Be3 c4 24. bxc4 Rxc4 25. Bd3 Rc8 {Saric,I (2662)
-Cheparinov,I (2695) Mali Losinj 2017}) 16... axb5 17. Bg5 Bg7 18. Bd3 Rxa1 19.
Qxa1 c6 20. Be3 $146 (20. Rd1 Qe7 21. dxe5 dxe5 22. Be2 Na4 23. Be3 Ra8 24. Qc1
Nc5 25. Qc2 Ne8 26. c4 b4 27. Qd2 Nb3 28. Qd3 Nc5 {Legrand,M (2171)-Brock,W 
(2111) corr. 2016}) 20... Qc7 21. dxe5 dxe5 22. Qc1 Bc8 23. Qc2 Nfd7 24. c4
Nxc4 25. Bxc4 bxc4 26. Qxc4 Nf8 27. Rc1 Bb7 28. Nf1 Ne6 29. N1d2 Qa5 30. Ng5
Nxg5 31. Bxg5 Bf8 32. Be3 1/2-1/2

[Event "80th Tata Steel GpA"]
[Site "Wijk aan Zee NED"]
[Date "2018.01.23"]
[Round "9.2"]
[White "Matlakov, Maxim"]
[Black "Giri, Anish"]
[Result "0-1"]
[WhiteElo "2718"]
[BlackElo "2752"]
[Annotator "Bojkov, Dejan"]
[PlyCount "78"]
[EventDate "2018.01.13"]

1. Nf3 d5 2. g3 Bg4 3. Bg2 c6 4. O-O Nd7 5. h3 ({Grischuk played way too
optimistically even for a blitz game:} 5. d3 e6 6. e4 Bd6 7. h3 Bh5 8. exd5
exd5 9. Qe1+ Ne7 10. Nh4 {Grischuk,A (2750)-Carlsen,M (2832) chess.com INT 2017
}) 5... Bh5 6. d4 {It is worth mentioning that Giri has more experience in
this line as...White.} e6 7. c4 Be7 8. Nc3 ({White was better in another blitz
game on the chess.com server after} 8. Qb3 Qb6 9. Nc3 Ngf6 10. Re1 O-O 11. Bf4
Rfd8 12. g4 Bg6 13. c5 Qxb3 14. axb3 Rdc8 15. b4 a6 16. Nd2 Bd8 17. Nb3 {
Giri,A (2785)-So,W (2815) chess.com INT 2017}) 8... dxc4 9. b3 {"A very
unpleasant surprise." (Giri) The Dutch GM admitted that he knew this move, but
for some "funny" reason did not prepare for it. It remained a secret for the
time being.} cxb3 10. Qxb3 Qb6 $146 {The most obvious defense is a novelty.
The queen will not say there for long though.} ({In a predecessor Wesley So
solved the problem of the b7 pawn easily-} 10... Ngf6 11. Qxb7 {and then
solved in identical way the problem with the c6 pawn-} O-O 12. Bf4 Qa5 13. g4
Bg6 14. g5 Nh5 15. Bd2 Rfd8 16. Qxc6 Rac8 17. Qb5 Qxb5 18. Nxb5 a6 {good for
Wesley, he did not have too many problems to solve on the queenside and he
eventually drew the game, Eljanov,P (2751)-So,W (2822) Shamkir 2017}) 11. Qa4
Ngf6 12. Rb1 Qc7 13. Bf4 {Everything comes with tempo.} Qc8 14. Rfc1 {"This is
not even useful." (Giri) The Dutch GM considered the move to be "very bad" and
somewhere around here he probably stopped thinking about a save way to draw
but started looking for more.} ({Black admitted that he was calculating
lenghty lines "a la So" from above where he sacrifices a pawn or two to
nivilate White's pressure. One line I can imagine runs:} 14. Qb3 Bg6 (14... b5
15. Rfc1 $1) 15. Rb2 Nb6 16. a4 Ne4 17. Nxe4 Bxe4 18. a5 Nd5 19. Qxb7 Qxb7 20.
Rxb7 Nxf4 21. gxf4 c5 {although White should be better here.}) 14... O-O 15.
Qb3 {White's compensation is determined by his more active pieces, strong
center and Benko-like pressure along the b and the c-files.} Bg6 16. Rb2 Rd8
17. a4 ({One of the reason why Giri criticized the Rf1-c1 maneuver is the fact
that White does not threaten to capture on b7 anymore:} 17. Qxb7 $2 Ba3) 17...
a5 {Giri expected} 18. Nd2 $1 {with repetition. Missed by Black. "He gets
compensation after all." (Giri)} ({Also interesting seems} 18. Nb5 Ne8 19. Na3
$5 {to transfer the other knight to c4 and keep the one of f3 attend the e5
square meeting.}) 18... Nh5 19. Be3 Nhf6 20. Nc4 $1 {The European champion
demonstrates fighting spirit. Indeed, he does not risk that much with all
those active pieces. Now that the knight has covered the a3 square the threat
against the b7 pawn becomes real.} Nd5 (20... Ra7 $2 21. d5) 21. Qxb7 Bb4 {
A subtle decision. The bishop blocks the b-file for the time being.} (21...
Nxe3 {is less precise due to} 22. fxe3 (22. Nxe3 $2 Ba3) 22... Bb4 23. Qxc8
Rdxc8 24. Na2 Bf8 25. Rb7 {with White's advantage.}) 22. Qxc8 Raxc8 23. Na2
Nxe3 24. fxe3 c5 {All of this was more or less forced but now Matlakov goes
astray.} 25. Nd6 ({The Russian GM should have moved his rook away from the
possible pins and skewers with:} 25. Rd1 $1 {with the key idea} cxd4 ({Worse is
} 25... Nf6 26. Nxb4 axb4 27. Nb6 Rb8 28. a5 {when the a-pawn will cost Black
at least the exchange.}) 26. Nxb4 axb4 ({Or} 26... Rxc4 27. Nc6 Re8 28. Rxd4
Rc1+ 29. Kf2 Nc5 30. Nxa5) 27. Rxb4 {with clear advantage for White.}) ({
White should definitely avoid the pin after} 25. Nxb4 $2 cxb4) 25... Ba3 {
Now another forcing string of moves is triggered.} 26. Nxc8 Bxb2 ({Not as good
is} 26... Rxc8 27. Rb7 Bxc1 28. Nxc1 cxd4 29. Nb3 Bc2 30. Nxa5 Nc5 31. Rb4 d3)
27. Ne7+ Kf8 28. Nxg6+ hxg6 {The tables have turned; it is White to has to
prove the equality now.} 29. Rc2 ({In case of} 29. Rb1 {there is a strong
ambush coming:} Rb8 $1 {Quite strangely it is the white rook that feel
uncomfortable on the b-file rather than its counterpart. For example} 30. Bc6 (
30. Kf1 $2 c4 $1) 30... Bxd4 31. Rxb8+ Nxb8 32. exd4 Nxc6 33. dxc5 Ke7 {
with advantage in the knight endgame for Black.}) 29... Ba3 30. Bc6 ({It looks
logical to bring the knight back into business with} 30. Nc3 cxd4 31. Nb5 Bb4
32. exd4 {but this will lead to problems with the a4 pawn after} Nb6) 30...
cxd4 31. exd4 Rc8 {The pin is not as innocuous as it seems.} 32. e3 Ke7 33. Kf1
({Or} 33. Be4 Rxc2 34. Bxc2 Bb2 $1 {when e6-e5 will follow next. "followed by
e6-e5, but it is very unpleasant for him" (Giri)} ({Not the immediate} 34... e5
35. Nc3 $1)) 33... Bd6 $1 {Giri was very proud of this idea, changing the
angle of the attack. In many lines the black rook moves away with a tempo
attacking on h3.} (33... e5 {was not bad neither.}) 34. g4 ({Safer seems the
defense with} 34. Kf2 Nb6 35. h4 (35. Be4 Rh8 $1) 35... f5 36. Nc1) 34... Nb6
35. Rc1 $2 {The decisive mistake. Now the rook will not escape from the pin
without material losses.} ({Matlakov needed to sacrifice a pawn with} 35. Be4
Rh8 36. Rc6 Nxa4 37. Ra6 {The active pieces give him good saving chances, for
example} Rxh3 38. Bc6 Nb2 ({However, Black can avoid this with} 38... f5 $1 {
preserving winning hopes.}) 39. Ra7+ Kf6 40. Nc3 Rxe3 41. Ne4+ Rxe4 42. Bxe4 {
and this should be a draw.}) 35... Ba3 36. Rc3 ({If} 36. Rc2 Nd5 $1 {cuts the
communication between the white bishop and rook:} 37. Ke2 Kd6) 36... Bb4 37.
Nxb4 ({Again} 37. Rc2 {fails to} Nd5 38. Ke2 Kd6) 37... axb4 38. Rc5 (38. Rc2
Nd5 $1) 38... b3 ({Also winning was} 38... Nd7 39. Bxd7 Rxc5 40. dxc5 Kxd7 {
as White cannot defend his pawns-} 41. Ke2 Kc6) 39. a5 Nd7 {Matlakov resigned
as he loses a whole bishop.} (39... Nd7 40. Rc1 b2) 0-1

[Event "80th Tata Steel GpA"]
[Site "Wijk aan Zee NED"]
[Date "2018.01.23"]
[Round "9.7"]
[White "Caruana, Fabiano"]
[Black "Adhiban, Baskaran"]
[Result "1/2-1/2"]
[WhiteElo "2811"]
[BlackElo "2655"]
[PlyCount "120"]
[EventDate "2018.01.13"]

1. c4 Nf6 2. Nc3 g6 3. e4 d6 4. d4 Bg7 5. h3 Na6 6. Be3 O-O 7. g4 (7. Bd3 c6 8.
Nf3 e5 9. d5 Nh5 10. g3 cxd5 11. cxd5 Nc5 12. Be2 f5 13. exf5 gxf5 14. Ng5 Nf6
{Salem,A (2656)-Banikas,H (2568) Doha 2016}) 7... c5 8. Nge2 b6 9. e5 $146 (9.
Bg2 cxd4 10. Nxd4 Bb7 11. O-O Nc5 12. Qc2 e5 13. Nde2 h5 14. f3 Ne6 15. Rad1
Qe7 {Lupulescu,C (2620)-Nevednichy,V (2547) Calimanesti Caciulata 2017}) 9...
Ne8 10. Bg2 Rb8 11. O-O Bb7 12. Bxb7 Rxb7 13. Qa4 Nec7 14. exd6 exd6 15. Rad1
Qh4 16. Kg2 f5 17. f3 Qe7 18. Bf2 Qe8 19. Qxe8 Nxe8 20. g5 Nec7 21. Bg3 Ne6 22.
d5 Nxg5 23. Bxd6 Rd8 24. Bg3 Nf7 25. Nf4 Bxc3 26. bxc3 Nd6 27. Ne6 Rdd7 28.
Bxd6 Rxd6 29. Rfe1 Nc7 30. Nf4 Kf8 31. a4 a6 32. Nd3 Rb8 33. Re5 b5 34. Nxc5
bxc4 35. Rd4 Kf7 36. Kg3 Rb1 37. Rxc4 Rxd5 38. Rxd5 Nxd5 39. Nxa6 Rc1 40. a5
Nxc3 41. Kh4 h6 42. Nc5 g5+ 43. Kh5 Rh1 44. Kxh6 Rxh3+ 45. Kxg5 Rxf3 46. a6
Ne4+ 47. Nxe4 fxe4 48. Ra4 Rg3+ 49. Kf5 Rg8 50. Rxe4 Rh8 51. Re6 Rh5+ 52. Kg4
Ra5 53. Rh6 Kg7 54. Rb6 Kf7 55. Kf4 Ke7 56. Rh6 Kd7 57. a7 Kc7 58. Rh8 Rxa7 59.
Rh7+ Kb6 60. Rxa7 Kxa7 1/2-1/2

[Event "80th Tata Steel GpA"]
[Site "Wijk aan Zee NED"]
[Date "2018.01.24"]
[Round "10.3"]
[White "Svidler, Peter"]
[Black "Mamedyarov, Shakhriyar"]
[Result "0-1"]
[WhiteElo "2768"]
[BlackElo "2804"]
[PlyCount "42"]
[EventDate "2018.01.13"]

{[Annotations by FM Mike Klein]} 1. c4 Nf6 2. Nf3 e6 3. Nc3 d5 4. d4 Bb4 5.
cxd5 exd5 6. Bf4 {By far not the most common place for the bishop.} (6. Bg5 {
prevents the game maneuver completely.}) (6. Bg5 O-O 7. e3 Bf5 8. Qb3 Bxc3+ 9.
Qxc3 h6 10. Bh4 g5 11. Bg3 Ne4 12. Qxc7 Nc6 13. Qxd8 Rfxd8 14. Be2 Rac8 15. O-O
h5 16. h4 g4 17. Ne5 Nb4 18. Bf4 f6 19. Nd3 Nc3 20. bxc3 {½-½ Ding,L (2774)
-Aronian,L (2801) Palma de Mallorca 2017}) 6... Ne4 {White has a suspicious
reputation in this line, and usually chooses 7. Rc1.} 7. Qa4+ {We are nearly
in uncharted waters already.} Nc6 8. Rc1 {Since White's rook commits to this
square anyway, essentially White has committed his queen to a somewhat
offsides squares to also commit Black's knight to c6 (instead of perhaps
Nd7-Ndf6. Who is to gain by these additions? Well, seemingly Black, based on
what unfolds.} O-O 9. g3 $146 {Black's next move is so strong, that only in
hindsight does the suggestion of 9. h4!? make some sense.} (9. e3 g5 10. Bg3 h5
11. h4 g4 12. Ne5 Bxc3+ 13. Rxc3 Nxc3 14. bxc3 Nxe5 15. Bxe5 Bf5 16. Be2 Qd7 {
Ermenkov,E (2433)-Shyam,S (2496) Albena 2015}) 9... g5 $1 10. Be3 f5 $1 11. Bg2
f4 12. gxf4 Bxc3+ 13. bxc3 gxf4 14. Bd2 Kh8 $1 {And now Black envisages very
happy pieces after some combination of ...Rg8, .. .Bg4, and some pieces on the
e-file, amongst other interesting setups.} 15. Qb3 $2 {Uh-oh. Now this even
releases the one Black piece that was left out of the last comment!} Na5 16.
Qc2 Nc4 17. Rd1 Rg8 (17... Bf5 {is even stronger and could have been thrown in,
but...}) (17... Nexd2 {would have been even sweeter:} 18. Nxd2 Ne3 $1 19. fxe3
Qh4+ 20. Kf1 fxe3+ 21. Nf3 Qf2#) 18. Ne5 {Svidler is resorting to desperation
in a position where all of Black's pieces are better than his. More meek
defense wasn't better:} (18. Rg1 Bh3 $1 19. Bxh3 Rxg1+ 20. Nxg1 Qh4) 18... Nxe5
19. Bxe4 (19. dxe5 Rxg2) 19... Qg5 20. Bxf4 Qxf4 21. Bxd5 Bf5 {Wow. Mamedyarov
is officially a larger blip on everyone's radar come Berlin.} 0-1

[Event "80th Tata Steel GpA"]
[Site "Wijk aan Zee NED"]
[Date "2018.01.24"]
[Round "10.4"]
[White "Kramnik, Vladimir"]
[Black "Matlakov, Maxim"]
[Result "1-0"]
[WhiteElo "2787"]
[BlackElo "2718"]
[PlyCount "77"]
[EventDate "2018.01.13"]

{[Annotations by FM Mike Klein]} 1. e4 e5 2. Nf3 Nc6 3. Bc4 Bc5 4. c3 Nf6 5. d3
O-O 6. Bg5 h6 7. Bh4 Be7 8. Nbd2 d6 9. Bb3 (9. a4 Nh5 10. g3 Nf6 11. Bxf6 Bxf6
12. h4 h5 13. Nh2 g6 14. g4 hxg4 15. Nxg4 Bxh4 16. Qf3 Kg7 {Sethuraman,S (2646)
-Inarkiev,E (2689) Riadh 2017}) 9... Nh5 10. Bxe7 Qxe7 11. Nc4 Qf6 {Anatoly
Karpov won with this move in recent years over IM Sophie Milliet of France on
her home soil (Cap D'Agde 2012).} 12. Ne3 Nf4 13. Bc2 (13. O-O {was the
Frenchwoman's choice, but in order to fend off the kingside attack she made
some pawn concessions and lost in the ending. It seems a little dangerous to
castle directly into the looming knight on f4, so Kramnik goes the other way
with his king.}) 13... Ne7 14. g3 Nh3 15. Qe2 {Now the knight is just kind of
sitting there with no target.} c5 $146 {Now that it is clear that White's king
will end up on the queenside, the top three suggestions by the machine are: ...
b5, ...c5, and ...a5!} (15... Be6 16. d4 Ng5 17. Nxg5 hxg5 18. O-O-O Ng6 19. h4
gxh4 20. Qh5 Rfe8 21. Nf5 Kf8 22. f4 exf4 23. e5 dxe5 24. dxe5 Qxe5 25. Rde1
Qf6 {Rizouk,A (2511)-Vocaturo,D (2574) Barcelona 2016}) 16. O-O-O Be6 17. d4
cxd4 (17... Bxa2 18. dxe5 dxe5 19. Rd7 {and Black's attack is not really
progressing as White controls the open file and the Nh3 is still stranded.})
18. cxd4 Rac8 19. Kb1 Rc7 (19... Rxc2 $1 {is the diabolical suggestion of the
machine.} 20. Kxc2 (20. Nxc2 {and now play switches to the kingside!} Bg4 21.
Rd3 Nc6 {and both Black knights will pile up on f3!}) (20. Qxc2 Qxf3) 20... Qg6
$3 (20... Bxa2 21. b3 d5 $1 {may also be playable but needs a few hours to
work out!}) 21. Ng2 (21. Nd2 exd4) 21... Bxa2 22. b3 f5) 20. Rd2 Rfc8 (20...
Rxc2 {Even with the complete loss of tempo, it is still playable, although
with slightly less venom. Play would be somewhat similar to the previous note.}
) 21. dxe5 dxe5 22. Rhd1 g6 23. Rd6 Rc6 24. Bb3 Rf8 $2 (24... Rxd6) 25. R1d3 $2
(25. Bxe6 Rxd6 (25... fxe6 26. Rd8 {and White is better}) 26. Bxh3 {gives
White a winning advantage.}) 25... Rfc8 26. Rd1 Rf8 {Second chance!} 27. a3 {
Nope!} h5 28. Bxe6 {Finally! Although there is no white knight hopping to g4
now.} fxe6 29. Rd7 Nc8 30. Nc4 Nxf2 31. Ncxe5 $1 {Now Black is in a bad
positional bind.} Nxd1 32. Qxd1 Rc5 33. Qd4 Nb6 34. Rxb7 Rb5 35. Rxa7 Rd8 36.
Qc3 Rc8 37. Rc7 Rd8 38. Qc6 Rb3 39. Rf7 {Black resigned since 39...Qh8 40.
Qxe6 is horrid. Such a complicated struggle that could comprise its own DVD!}
1-0

[Event "80th Tata Steel GpA"]
[Site "Wijk aan Zee NED"]
[Date "2018.01.24"]
[Round "10.5"]
[White "Jones, Gawain C B"]
[Black "Anand, Viswanathan"]
[Result "0-1"]
[WhiteElo "2640"]
[BlackElo "2767"]
[PlyCount "80"]
[EventDate "2018.01.13"]

1. e4 c5 2. c3 Nf6 3. e5 Nd5 4. Nf3 Nc6 5. Bc4 Nb6 6. Bb3 c4 7. Bc2 d6 8. exd6
Qxd6 9. O-O Bg4 10. h3 Bh5 11. Re1 O-O-O (11... e6 12. b3 Be7 13. Qe2 cxb3 14.
axb3 O-O 15. d4 Rfd8 {Nakamura,H (2787)-Vachier-Lagrave,M (2785) Gibraltar 2016
}) 12. Be4 e6 13. b3 f5 14. Bc2 g6 15. bxc4 e5 16. d4 $146 (16. d3 e4 17. dxe4
Qc7 18. Qe2 Ne5 19. Nbd2 Bc5 20. Kh1 Rxd2 21. Bxd2 Nxf3 22. gxf3 Nxc4 {Ivanov,
B (2401)-Cremasco,G (2499) corr. 2014}) 16... exd4 17. Bg5 Bg7 18. Bxd8 Rxd8
19. Qd3 Qf4 20. Qd2 Qxd2 21. Nbxd2 dxc3 22. Nb3 Bxf3 23. gxf3 Nb4 24. Re2 Nxc4
25. Rc1 b5 26. Na1 Bh6 27. Rb1 a5 28. Kg2 Nd2 29. Rbe1 Bf4 30. Re7 Rd7 31. Re8+
Kc7 32. Ra8 a4 33. Re6 Kb7 34. Rae8 Bd6 35. Bd1 Nd5 36. Re1 Nf4+ 37. Kh1 Bc5
38. Be2 Nxe2 39. R1xe2 b4 40. R2e5 Rc7 0-1